[Event "East Detroit (MCO/6/12)"]
[Site "?"]
[Date "1985.??.??"]
[Round "?"]
[White "Riggins, D.."]
[Black "Szczypka, Tom"]
[Result "1-0"]
[WhiteElo "2065"]
[BlackElo "1920"]
[PlyCount "76"]
[EventDate "1985.??.??"]

{6/(12)} 1. e4 c5 2. Nf3 g6 3. d4 Bg7 4. c3 Nf6 5. e5 Ng4 6. h3 Nh6 7. Bc4 d5
8. exd6 Qxd6 9. O-O O-O 10. Re1 Nc6 11. d5 Na5 12. Na3 a6 13. Bf1 b5 14. Bg5
Re8 15. Qd2 Nf5 16. g4 b4 17. Nc2 b3 18. Na3 bxa2 19. Rxa2 f6 20. Bf4 Nb3 21.
Bxd6 Nxd2 22. Nxd2 Nxd6 23. Nac4 Bb7 24. Nb6 Ra7 25. Ra5 Bh6 26. Ndc4 Nb5 27.
Rea1 Nc7 28. Rxc5 Bf4 29. Bg2 Rd8 30. d6 Bxd6 31. Nxd6 Rxd6 32. Rxc7 Rxb6 33.
Rxe7 Bxg2 34. Rxa7 Bxh3 35. Rd1 Rb8 36. Rdd7 Bxg4 37. Rg7+ Kf8 38. Rxh7 Kg8 1-0

[Event "East Detroit (MCO/4/12)"]
[Site "?"]
[Date "1985.??.??"]
[Round "?"]
[White "Riggins, D.."]
[Black "Hosey, L.."]
[Result "1-0"]
[WhiteElo "2065"]
[BlackElo "1830"]
[PlyCount "27"]
[EventDate "1985.??.??"]

{4/(12)} 1. e4 e6 2. d4 d5 3. Nd2 Nf6 4. e5 Nfd7 5. f4 Nc6 6. c3 Be7 7. Bd3 O-O
8. Ndf3 f6 9. Qc2 h6 10. Bh7+ Kh8 11. Nh4 Re8 12. Ng6+ Kxh7 13. Nf8+ Kg8 14.
Nxe6 1-0

[Event "East Detroit (MCO/2/32)"]
[Site "?"]
[Date "1985.??.??"]
[Round "?"]
[White "Riggins, D.."]
[Black "Feldman, J.."]
[Result "1-0"]
[WhiteElo "2065"]
[BlackElo "1605"]
[PlyCount "53"]
[EventDate "1985.??.??"]

{2/(32)} 1. e4 e5 2. Nf3 d6 3. d4 c6 4. dxe5 Qe7 5. Qxd6 Qxd6 6. exd6 Bxd6 7.
Nc3 Bg4 8. Be2 Nd7 9. Be3 Ngf6 10. O-O-O Bb4 11. h3 Be6 12. Nd2 Bxc3 13. bxc3
Bxa2 14. c4 Nb6 15. Kb2 Na4+ 16. Kxa2 Nc3+ 17. Kb3 Nxd1 18. Rxd1 O-O 19. Bd3 a5
20. Ka4 Rfe8 21. Rb1 Reb8 22. c5 Kf8 23. Bf4 Rd8 24. Bd6+ Ke8 25. Rxb7 Rd7 26.
Rb6 Rc8 27. Ba6 1-0

[Event "Ann Arbor (Masters/Experts Inv)"]
[Site "?"]
[Date "1985.??.??"]
[Round "?"]
[White "Riegel, P.."]
[Black "Thompson, Dexter"]
[Result "0-1"]
[WhiteElo "1895"]
[BlackElo "2260"]
[PlyCount "56"]
[EventDate "1985.??.??"]

1. e4 e5 2. Nf3 Nc6 3. Bc4 Bc5 4. O-O Nf6 5. d4 Bxd4 6. Nxd4 Nxd4 7. Bg5 d6 8.
f4 Qe7 9. Nc3 c6 10. Ne2 Bg4 11. c3 Ne6 12. h3 Bxe2 13. Qxe2 O-O-O 14. Rad1 h6
15. fxe5 Nxg5 16. exf6 gxf6 17. Qf2 Nxe4 18. Qxa7 d5 19. Be2 f5 20. Rxf5 Ng3
21. Bg4 Nxf5 22. Bxf5+ Kc7 23. Qa5+ Kb8 24. c4 dxc4 25. Re1 Rd5 26. Qc3 Qc5+
27. Kh2 Rg8 28. Qf3 Rxf5 0-1

[Event "East Lansing (MI Op/1b/20)"]
[Site "?"]
[Date "1985.??.??"]
[Round "?"]
[White "Richburg, J.."]
[Black "Smith, Les L"]
[Result "1-0"]
[WhiteElo "1650"]
[BlackElo "1980"]
[PlyCount "65"]
[EventDate "1985.??.??"]

1. Nf3 f5 2. c4 Nf6 3. d4 g6 4. g3 Bg7 5. Bg2 O-O 6. O-O d6 7. Nc3 Nh5 8. e3 c6
9. b3 Nd7 10. Ng5 Nb6 11. Nf3 Bd7 12. Bb2 e5 13. dxe5 dxe5 14. c5 Nc8 15. Na4
e4 16. Nd4 Ne7 17. Qd2 Nd5 18. Rfd1 Qe7 19. a3 Nhf6 20. Rac1 h5 21. Nc3 Rad8
22. b4 g5 23. Nxd5 Nxd5 24. Qe2 Be8 25. Re1 h4 26. g4 fxg4 27. Qxg4 Qf7 28. Rc2
Bf6 29. Ne6 Bxb2 30. Nxd8 Qf6 31. Qe6+ Kg7 32. Qxf6+ Bxf6 33. Ne6+ 1-0

[Event "East Lansing (MI Op/5/26)"]
[Site "?"]
[Date "1985.??.??"]
[Round "?"]
[White "Richburg, J.."]
[Black "Brattin, Vincent"]
[Result "1/2-1/2"]
[WhiteElo "1650"]
[BlackElo "1890"]
[PlyCount "74"]
[EventDate "1985.??.??"]

{5/(26)} 1. Nf3 Nc6 2. d4 e6 3. c4 d5 4. Nc3 Nf6 5. e3 Be7 6. Bd3 O-O 7. O-O b6
8. Bd2 Bb7 9. Rc1 Nb4 10. Be2 dxc4 11. Bxc4 c5 12. a3 Nc6 13. dxc5 Bxc5 14. b4
Bd6 15. Nb5 Ne5 16. Nxe5 Bxe5 17. Bc3 Qb8 18. Bxe5 Qxe5 19. Qd6 Qg5 20. Qg3
Qxg3 21. hxg3 a5 22. Nd6 Bd5 23. Bxd5 Nxd5 24. e4 Nf6 25. b5 Rfd8 26. Rc6 Rab8
27. Rfc1 Nd7 28. f4 Nc5 29. e5 Nb3 30. Rd1 Rd7 31. Rd3 Nc5 32. Re3 g6 33. Kf2
Rdd8 34. Ke2 Kf8 35. Rc7 Rd7 36. Rc6 Rdd8 37. Rc7 Rd7 1/2-1/2

[Event "East Lansing (MI Op/3/9)"]
[Site "?"]
[Date "1985.??.??"]
[Round "?"]
[White "Richburg, J.."]
[Black "Arganian, David G"]
[Result "0-1"]
[WhiteElo "1650"]
[BlackElo "2125"]
[PlyCount "94"]
[EventDate "1985.??.??"]

{3/(9)} 1. Nf3 d6 2. d4 Bg4 3. e3 Nd7 4. Be2 Ngf6 5. Nbd2 g6 6. h3 Bxf3 7. Bxf3
c6 8. b3 Bg7 9. Bb2 O-O 10. O-O Re8 11. c4 e5 12. Qc2 h6 13. Rfe1 Rc8 14. Rad1
Qe7 15. dxe5 dxe5 16. Qb1 Rcd8 17. Ne4 Nxe4 18. Bxe4 f5 19. Bc2 e4 20. Bd4 Be5
21. Qa1 Kh7 22. Bxe5 Nxe5 23. Qc3 Qf6 24. Kf1 Rf8 25. Rxd8 Rxd8 26. Rd1 Rxd1+
27. Bxd1 Qd6 28. Ke2 Kg7 29. Bc2 c5 30. Qd2 Qxd2+ 31. Kxd2 Kf6 32. Ke2 g5 33.
Kd1 Ng6 34. Ke2 Nh4 35. Kf1 Ke5 36. Bd1 f4 37. Kg1 Nf5 38. exf4+ gxf4 39. Kf1
Kd4 40. Bg4 Nd6 41. Bd1 Kd3 42. Ke1 Nf5 43. Bg4 Nd4 44. Kd1 e3 45. fxe3 fxe3
46. g3 e2+ 47. Ke1 Nc2+ 0-1

[Event "Westland (SEMO/2/7)"]
[Site "?"]
[Date "1985.??.??"]
[Round "?"]
[White "Rawley, L.."]
[Black "Rutkofske, Lonnie"]
[Result "1-0"]
[WhiteElo "2220"]
[BlackElo "1880"]
[PlyCount "55"]
[EventDate "1985.??.??"]

{2/(7)} 1. e4 e6 2. d4 d5 3. Nd2 Nf6 4. e5 Nfd7 5. f4 c5 6. c3 Nc6 7. Ndf3 cxd4
8. Nxd4 Nxd4 9. cxd4 Qb6 10. Nf3 Bb4+ 11. Bd2 O-O 12. Bd3 f6 13. Bxb4 Qxb4+ 14.
Qd2 Qxd2+ 15. Kxd2 fxe5 16. fxe5 Nb8 17. Rhf1 Nc6 18. Ng5 Bd7 19. Bxh7+ Kh8 20.
Ke3 Nb4 21. a3 Nc6 22. Bd3 Rac8 23. Nf7+ Kg8 24. Nd6 Rb8 25. Rxf8+ Rxf8 26.
Nxb7 g5 27. Nc5 Bc8 28. Rf1 1-0

[Event "Westland (SEMO/4/6)"]
[Site "?"]
[Date "1985.??.??"]
[Round "?"]
[White "Rawley, L.."]
[Black "Mason, D.."]
[Result "1-0"]
[WhiteElo "2220"]
[BlackElo "2035"]
[PlyCount "57"]
[EventDate "1985.??.??"]

{4/(6)} 1. e4 c6 2. d4 d5 3. Nd2 dxe4 4. Nxe4 Nd7 5. Nf3 Ngf6 6. Bd3 Nxe4 7.
Bxe4 Nf6 8. Bd3 Bg4 9. c3 e6 10. O-O Be7 11. Bf4 O-O 12. h3 Bxf3 13. Qxf3 Nd5
14. Be5 Bg5 15. Rad1 f6 16. Qe4 f5 17. Qf3 Ne7 18. Rfe1 Ng6 19. Bc4 Qe7 20. Bd6
Qxd6 21. Rxe6 Qxe6 22. Bxe6+ Kh8 23. Qh5 Nf4 24. Qxg5 Nxe6 25. Qe7 Rae8 26.
Qxb7 Nd8 27. Qxa7 f4 28. Qd7 Re6 29. d5 1-0

[Event "Westland (MEX/2)"]
[Site "?"]
[Date "1985.??.??"]
[Round "?"]
[White "Quigley, L.."]
[Black "Yoder, R.."]
[Result "0-1"]
[WhiteElo "2255"]
[BlackElo "2075"]
[PlyCount "80"]
[EventDate "1985.??.??"]

1. d4 Nf6 2. c4 g6 3. Nc3 Bg7 4. e4 d6 5. f3 O-O 6. Be3 Nc6 7. Nge2 Rb8 8. Qd2
Re8 9. Rb1 a6 10. b4 e5 11. d5 Ne7 12. g4 c6 13. Ng3 cxd5 14. cxd5 b5 15. Be2
Nd7 16. h4 Nf8 17. Bh6 Bh8 18. h5 Bd7 19. Bd3 Nc8 20. Ke2 Nb6 21. Rbg1 Rb7 22.
Nf5 Bc8 23. Bg5 Bf6 24. Nh6+ Kg7 25. Be3 Qc7 26. g5 Bd8 27. a3 Qb8 28. Ng4 Rc7
29. Nf6 Bxf6 30. gxf6+ Kxf6 31. Bxb6 Qxb6 32. Qg5+ Kg7 33. h6+ Kg8 34. Qf6 Ne6
35. dxe6 fxe6 36. Rxg6+ hxg6 37. Qxg6+ Kh8 38. Qxe8+ Kh7 39. Rg1 Qxg1 40. Nd1
Qh2+ 0-1

[Event "Westland (MEX/4)"]
[Site "?"]
[Date "1985.??.??"]
[Round "?"]
[White "Quigley, L.."]
[Black "Thomas, Carlton"]
[Result "1-0"]
[WhiteElo "2255"]
[BlackElo "2045"]
[PlyCount "89"]
[EventDate "1985.??.??"]

1. d4 Nf6 2. c4 g6 3. Nc3 Bg7 4. e4 d6 5. f3 O-O 6. Be3 Nc6 7. Nge2 Bd7 8. Qd2
a6 9. Nc1 Re8 10. Be2 e5 11. Nb3 exd4 12. Nxd4 Rb8 13. O-O Qe7 14. Nc2 Ne5 15.
a4 Be6 16. b3 b5 17. axb5 axb5 18. Nxb5 Nc6 19. Ra6 Qd7 20. Ncd4 Nxd4 21. Nxd4
Qc8 22. Ra7 Bd7 23. Bh6 Bh8 24. Nb5 Rb7 25. Rxb7 Qxb7 26. Be3 Ra8 27. Bd4 Bxb5
28. cxb5 Nd7 29. Bc4 Bxd4+ 30. Qxd4 Qb6 31. Qxb6 Nxb6 32. Rc1 Kg7 33. Bf1 Ra7
34. Kf2 Kf6 35. Ke3 Na8 36. Rc6 Ke7 37. Ra6 Rxa6 38. bxa6 Kd7 39. Kf4 f6 40.
Bc4 c6 41. Bg8 h6 42. Bf7 g5+ 43. Kf5 Ke7 44. Bc4 h5 45. a7 1-0

[Event "Westland (MEX/1)"]
[Site "?"]
[Date "1985.??.??"]
[Round "?"]
[White "Quigley, L.."]
[Black "Kitts, Gary"]
[Result "1/2-1/2"]
[WhiteElo "2255"]
[BlackElo "2065"]
[PlyCount "127"]
[EventDate "1985.??.??"]

1. d4 Nf6 2. c4 g6 3. Nc3 d5 4. Nf3 Bg7 5. Bg5 Ne4 6. cxd5 Nxg5 7. Nxg5 e6 8.
Nf3 exd5 9. e3 O-O 10. b4 c6 11. Be2 Qe7 12. Qb3 Bf5 13. O-O Nd7 14. b5 Nb6 15.
Rac1 Rfd8 16. Na4 Nxa4 17. Qxa4 Bd7 18. Rc3 Qe8 19. bxc6 bxc6 20. Qc2 Rdb8 21.
Rb1 Rb6 22. Rcb3 Rab8 23. h3 Qd8 24. Ne1 Bf8 25. Nd3 Rxb3 26. Rxb3 Rxb3 27.
Qxb3 Qb6 28. Ne5 Qxb3 29. axb3 Be8 30. Ba6 f6 31. Nd3 Kf7 32. Kf1 Bd7 33. Ke2
Ke6 34. Kd2 Kd6 35. Nc5 Kc7 36. Kc3 Bxc5 37. dxc5 Bf5 38. Kd4 Bb1 39. b4 Kd7
40. h4 Bc2 41. g4 h6 42. f4 Ke6 43. Bc8+ Ke7 44. g5 hxg5 45. fxg5 Ba4 46. Ba6
Ke6 47. Bd3 Kf7 48. Be2 Ke6 49. Bd3 Kf7 50. Ba6 Ke6 51. Bc8+ Ke7 52. e4 dxe4
53. Kxe4 Bb5 54. Kd4 Kf7 55. Bg4 Ke7 56. Bd1 Ke6 57. Bc2 Kf7 58. Bb3+ Kg7 59.
Be6 Be2 60. Bd7 Bb5 61. Be6 Be2 62. Bb3 Bb5 63. Ke4 Bf1 64. Kd4 1/2-1/2

[Event "Westland (SEMO Res/1a/15)"]
[Site "?"]
[Date "1985.??.??"]
[Round "?"]
[White "Purdy, W.."]
[Black "Hargett, D.."]
[Result "1-0"]
[WhiteElo "1605"]
[BlackElo "1605"]
[PlyCount "53"]
[EventDate "1985.??.??"]

1. e4 Nf6 2. e5 Nd5 3. Bc4 Nb6 4. Bb3 d5 5. d4 Nc6 6. a3 f6 7. f4 Bf5 8. h3 Be4
9. Kf2 fxe5 10. fxe5 Qd7 11. Be3 Qf5+ 12. Nf3 Na5 13. Nbd2 e6 14. Rc1 Be7 15.
Rf1 Rf8 16. Kg1 O-O-O 17. Nh4 Qxf1+ 18. Nxf1 Bxh4 19. Qg4 Be7 20. Qxe6+ Rd7 21.
Ng3 Nac4 22. Bxc4 Nxc4 23. Nxe4 Nxe3 24. Nc3 Bh4 25. Nb5 Rff7 26. Qe8+ Bd8 27.
e6 1-0

[Event "East Lansing (MI Op/4/29)"]
[Site "?"]
[Date "1985.??.??"]
[Round "?"]
[White "Proszkow, T.."]
[Black "Turner, Darrell"]
[Result "1-0"]
[WhiteElo "1735"]
[BlackElo "1860"]
[PlyCount "33"]
[EventDate "1985.??.??"]

{4/(29)} 1. d4 d5 2. c4 e6 3. Nf3 Nf6 4. Bg5 Be7 5. Nc3 h6 6. Bd2 Ne4 7. e3 Nd7
8. cxd5 Nxc3 9. Bxc3 exd5 10. Bd3 Nf6 11. Qc2 Bg4 12. Ne5 Be6 13. Rc1 Bd6 14.
f3 Nh5 15. Qf2 Qg5 16. g4 Be7 17. h4 1-0

[Event "East Detroit (MCO/6/17)"]
[Site "?"]
[Date "1985.??.??"]
[Round "?"]
[White "Proszkow, T.."]
[Black "Mason, D.."]
[Result "0-1"]
[WhiteElo "1760"]
[BlackElo "2050"]
[PlyCount "46"]
[EventDate "1985.??.??"]

{6/(17)} 1. d4 Nf6 2. c4 e6 3. Nc3 Bb4 4. Bd2 O-O 5. e3 b6 6. Bd3 Ba6 7. Qc2 d5
8. b3 Nbd7 9. Nf3 c5 10. Nb5 Bxb5 11. cxb5 Rc8 12. Bxb4 cxb4 13. Qe2 Rc3 14.
O-O Qe7 15. Nd2 e5 16. Nb1 Rc7 17. f3 e4 18. fxe4 Nxe4 19. a3 bxa3 20. Rxa3 Re8
21. Re1 Ndf6 22. Ra2 Rec8 23. Nd2 Nc3 0-1

[Event "East Lansing (MI Op/3/23)"]
[Site "?"]
[Date "1985.??.??"]
[Round "?"]
[White "Proszkow, T.."]
[Black "Jarosz, Stan"]
[Result "0-1"]
[WhiteElo "1735"]
[BlackElo "2030"]
[PlyCount "60"]
[EventDate "1985.??.??"]

{3/(23)} 1. d4 d5 2. c4 e6 3. Nf3 Nf6 4. Nc3 Be7 5. Bf4 O-O 6. e3 b6 7. Bd3 Bb7
8. O-O Nbd7 9. Rc1 c5 10. cxd5 exd5 11. b3 Nh5 12. Bg3 Nxg3 13. hxg3 Nf6 14.
Ne5 cxd4 15. exd4 Ba3 16. Rc2 a6 17. g4 Rc8 18. Qf3 Rc7 19. g5 Ne4 20. Bxe4
dxe4 21. Qe3 b5 22. Re2 Kh8 23. Nxe4 f6 24. Nd3 Re8 25. gxf6 Rxe4 26. fxg7+ Kg8
27. Qd2 Rxe2 28. Qxe2 Rxg7 29. Qe6+ Kh8 30. g3 Qxd4 0-1

[Event "East Detroit (MCO/4/18)"]
[Site "?"]
[Date "1985.??.??"]
[Round "?"]
[White "Proszkow, T.."]
[Black "Graves, J.."]
[Result "0-1"]
[WhiteElo "1760"]
[BlackElo "1985"]
[PlyCount "56"]
[EventDate "1985.??.??"]

{4/(18)} 1. d4 Nf6 2. c4 e6 3. Nc3 c5 4. Nf3 cxd4 5. Nxd4 Bb4 6. Bd2 O-O 7. a3
Be7 8. e4 Qb6 9. Nb3 Nc6 10. Be3 Qd8 11. Qc2 d6 12. Rd1 b6 13. c5 bxc5 14. Bxc5
d5 15. Bb5 Bb7 16. O-O Bxc5 17. Nxc5 Qb6 18. Nxb7 Qxb7 19. exd5 exd5 20. Nxd5
Qxb5 21. Nc7 Qb7 22. Nxa8 Rxa8 23. Rd6 Nd8 24. Rc1 Ne6 25. b4 g6 26. Rc6 Kg7
27. Qb2 Rd8 28. a4 Qxc6 0-1

[Event "East Lansing (MI Op/1b/21)"]
[Site "?"]
[Date "1985.??.??"]
[Round "?"]
[White "Proszkow, T.."]
[Black "Daniluk, J.."]
[Result "1-0"]
[WhiteElo "1735"]
[BlackElo "1975"]
[PlyCount "89"]
[EventDate "1985.??.??"]

1. d4 d5 2. c4 e6 3. Nf3 Be7 4. Nc3 Nf6 5. e3 O-O 6. Bd3 c5 7. O-O Nc6 8. Re1
dxc4 9. Bxc4 Qc7 10. b3 Rd8 11. Ne2 Na5 12. Bd3 b6 13. Qc2 Bb7 14. e4 Nc6 15.
Bb2 Nb4 16. Qc3 Nxd3 17. Qxd3 Bxe4 18. Qe3 Bd6 19. h3 Bxf3 20. Qxf3 Nd5 21.
Rac1 Qe7 22. Ng3 Bxg3 23. Qxg3 cxd4 24. Bxd4 f6 25. Rc6 Qb4 26. Rd1 e5 27. Rc4
Qa5 28. Ra4 Nf4 29. Qf3 Qb5 30. Kh2 Ne2 31. Be3 a5 32. Rxd8+ Rxd8 33. Bxb6 Qxb6
34. Qxe2 Qc7 35. Rc4 Qd6 36. Qc2 e4+ 37. g3 Qd3 38. Rc8 f5 39. Qxd3 Rxc8 40.
Qd5+ Kh8 41. Qxf5 Re8 42. Kg2 Kg8 43. Qxa5 e3 44. fxe3 Rxe3 45. Qd5+ 1-0

[Event "East Detroit (MCO/2/11)"]
[Site "?"]
[Date "1985.??.??"]
[Round "?"]
[White "Proszkow, T.."]
[Black "Bohley, D.."]
[Result "1/2-1/2"]
[WhiteElo "1760"]
[BlackElo "2070"]
[PlyCount "128"]
[EventDate "1985.??.??"]

{2/(11)} 1. d4 d6 2. c4 g6 3. Nc3 Bg7 4. Nf3 f5 5. e4 Nf6 6. Bd3 fxe4 7. Nxe4
Nxe4 8. Bxe4 O-O 9. Be3 c6 10. O-O Nd7 11. Qc2 Nf6 12. Bd3 Qc7 13. Rad1 Bg4 14.
Be2 Rae8 15. Ne1 Bf5 16. Qb3 Kh8 17. f3 Rd8 18. Nd3 Nh5 19. Nf2 Bc8 20. Nd3 Bf5
21. Rfe1 Bxd3 22. Bxd3 Nf4 23. Bf1 Qd7 24. Bf2 b6 25. Bg3 Rde8 26. Re4 Nh5 27.
Bf2 Nf6 28. Re2 Nh5 29. g3 Bf6 30. f4 Qc7 31. Bh3 Ng7 32. Rde1 c5 33. d5 Nf5
34. Bxf5 gxf5 35. Re6 Qd7 36. R1e2 Rf7 37. Qf3 Bg7 38. Be1 b5 39. Qh5 Bd4+ 40.
Bf2 Ref8 41. Bxd4+ cxd4 42. cxb5 Qxb5 43. Rxe7 Qxd5 44. Rxf7 Qxf7 45. Qxf7 Rxf7
46. Rd2 Rc7 47. Kf1 Kg7 48. Rxd4 Rc6 49. Rd2 Kf7 50. Ke2 Ke7 51. Kd3 Kd7 52.
Rc2 Rb6 53. a3 Rb8 54. Kd4 h5 55. b4 a6 56. Ke3 Re8+ 57. Kf3 Re4 58. h3 Rd4 59.
Re2 Rd5 60. g4 Rd3+ 61. Re3 hxg4+ 62. hxg4 fxg4+ 63. Ke4 Rd1 64. Rg3 Ke6
1/2-1/2

[Event "East Detroit (MCO/4/28)"]
[Site "?"]
[Date "1985.??.??"]
[Round "?"]
[White "Praedel, R.."]
[Black "Waters, J.."]
[Result "0-1"]
[WhiteElo "1620"]
[BlackElo "1885"]
[PlyCount "76"]
[EventDate "1985.??.??"]

{4/(28)} 1. e4 c5 2. Nf3 Nc6 3. d4 cxd4 4. Nxd4 e5 5. Nb5 a6 6. Nd6+ Bxd6 7.
Qxd6 Qf6 8. Qd1 Qg6 9. Nc3 Nf6 10. f3 O-O 11. Be3 d5 12. exd5 Nb4 13. Rc1 Bf5
14. Bd3 Nxd3+ 15. cxd3 Qxg2 16. Rg1 Qxh2 17. Rc2 Qh4+ 18. Kd2 Qb4 19. a3 Qb3
20. Kc1 Nxd5 21. Nxd5 Qxd5 22. Bh6 Bg6 23. Be3 Qxd3 24. Qxd3 Bxd3 25. Rc3 Rac8
26. Kd2 Rxc3 27. Kxc3 Bg6 28. Rd1 Rc8+ 29. Kb4 Bf5 30. Rd2 f6 31. Bc5 Kf7 32.
Rd5 Be6 33. Rd6 h5 34. Rd2 h4 35. Bf2 h3 36. Bg3 Ke7 37. Rd3 g5 38. Bh2 Rc2 0-1

[Event "East Detroit (MCO/2/28)"]
[Site "?"]
[Date "1985.??.??"]
[Round "?"]
[White "Praedel, R.."]
[Black "Forte, Joe"]
[Result "1-0"]
[WhiteElo "1620"]
[BlackElo "2035"]
[PlyCount "69"]
[EventDate "1985.??.??"]

{2/(28)} 1. e4 c5 2. Nf3 Nc6 3. d4 cxd4 4. Nxd4 g6 5. Nc3 Bg7 6. Be3 Nf6 7. f3
O-O 8. Qd2 a6 9. O-O-O d6 10. Bc4 Na5 11. Bd3 b5 12. b3 Bb7 13. h4 h5 14. Rdg1
Rc8 15. g4 e5 16. Nde2 Nc4 17. Bxc4 bxc4 18. gxh5 cxb3 19. hxg6 Qa5 20. gxf7+
Kxf7 21. cxb3 d5 22. exd5 Nxd5 23. Kb2 Rfd8 24. Qd3 e4 25. Rxg7+ Kxg7 26. Bd4+
Nf6 27. fxe4 Kf7 28. Rf1 Rc6 29. Nd5 Rxd5 30. exd5 Qxd5 31. Nf4 Qe4 32. Qxe4
Nxe4 33. Nd3+ Kg8 34. Rg1+ Kh7 35. Rg7+ 1-0

[Event "East Lansing (MI Op/3/1)"]
[Site "?"]
[Date "1985.??.??"]
[Round "?"]
[White "Poschel, Paul"]
[Black "Yahkind, Alex"]
[Result "1-0"]
[WhiteElo "2320"]
[BlackElo "2115"]
[PlyCount "133"]
[EventDate "1985.??.??"]

{3/(1)} 1. c4 Nf6 2. Nc3 e6 3. e4 d5 4. e5 d4 5. exf6 dxc3 6. bxc3 Qxf6 7. d4
c5 8. Nf3 cxd4 9. Bg5 Qf5 10. cxd4 h6 11. Bd3 Qg4 12. h3 hxg5 13. hxg4 Rxh1+
14. Bf1 Nc6 15. d5 exd5 16. cxd5 Bb4+ 17. Ke2 Bxg4 18. dxc6 Kf8 19. Qd4 Re8+
20. Kd3 Bf5+ 21. Kc4 a5 22. Kb3 Rh6 23. Rd1 Rxc6 24. Bb5 Bc2+ 25. Kb2 Bc3+ 26.
Kxc2 Bxd4+ 27. Bxc6 Re2+ 28. Rd2 Rxd2+ 29. Kxd2 Bxf2 30. Bxb7 f6 31. Kd3 Ke7
32. Ke4 g6 33. Kd5 g4 34. Nd4 Be1 35. a4 f5 36. Nc2 Bd2 37. Bc8 Kf6 38. Kd4 Kg5
39. Kd3 Bc1 40. Nd4 f4 41. Ne2 Ba3 42. Ke4 Bd6 43. Nd4 Kh4 44. Ne2 f3 45. gxf3
g3 46. f4 g5 47. fxg5 Kxg5 48. Bh3 Bb4 49. Kf3 Kh4 50. Bc8 Bd6 51. Nd4 Kg5 52.
Nf5 Bb4 53. Nxg3 Kf6 54. Ke4 Ke7 55. Kd5 Kd8 56. Bg4 Kc7 57. Nf5 Kb6 58. Ne3
Ka6 59. Kc6 Bd2 60. Nc4 Be1 61. Bc8+ Ka7 62. Kb5 Kb8 63. Bh3 Ka7 64. Nxa5 Bf2
65. Nc6+ Ka8 66. Ka6 Bg1 67. Bc8 1-0

[Event "East Lansing (MI Op/5/1)"]
[Site "?"]
[Date "1985.??.??"]
[Round "?"]
[White "Poschel, Paul"]
[Black "Segerstrom, P.."]
[Result "1-0"]
[WhiteElo "2320"]
[BlackElo "2175"]
[PlyCount "79"]
[EventDate "1985.??.??"]

{5/(1)} 1. c4 c5 2. Nf3 Nf6 3. d4 cxd4 4. Nxd4 e6 5. Nc3 d5 6. cxd5 Nxd5 7. Bd2
Bb4 8. e4 Nxc3 9. bxc3 Bc5 10. Bb5+ Bd7 11. Bxd7+ Qxd7 12. Nb3 Bb6 13. O-O e5
14. Qh5 Qe6 15. c4 Nd7 16. Rac1 Nc5 17. Nxc5 Bxc5 18. Bc3 O-O 19. Bxe5 Ba3 20.
Rc3 Rfe8 21. Rxa3 Qxe5 22. Qxe5 Rxe5 23. f3 Rc5 24. Rb1 Rxc4 25. Rxb7 Rc2 26.
Rbxa7 Rxa7 27. Rxa7 g6 28. h4 h5 29. Kh2 Kg7 30. Kg3 Kf6 31. a4 Ra2 32. a5 g5
33. Ra6+ Ke5 34. hxg5 h4+ 35. Kh3 Kf4 36. Rf6+ Kxg5 37. Rxf7 Rxa5 38. Rf5+ Rxf5
39. exf5 Kxf5 40. Kxh4 1-0

[Event "Westland (SEMO/1b/3)"]
[Site "?"]
[Date "1985.??.??"]
[Round "?"]
[White "Poschel, Paul"]
[Black "Nikolovski, Oliver"]
[Result "1-0"]
[WhiteElo "2320"]
[BlackElo "1960"]
[PlyCount "103"]
[EventDate "1985.??.??"]

1. c4 e6 2. Nc3 f5 3. g3 Nf6 4. Bg2 Be7 5. Nf3 O-O 6. O-O d6 7. d3 e5 8. e4 Nc6
9. h3 a5 10. a3 Kh8 11. exf5 Bxf5 12. d4 Qc8 13. Kh2 Ne4 14. Nd5 Bd8 15. Be3 a4
16. Rc1 exd4 17. Nxd4 Nxd4 18. Bxd4 c6 19. Nc3 Ng5 20. g4 Bd7 21. f4 Ne6 22.
Be3 Qb8 23. Kh1 d5 24. f5 Ng5 25. Bf4 Qa7 26. cxd5 cxd5 27. Nxd5 Bc6 28. Qd2 h6
29. Rfd1 Re8 30. Qd3 Qa6 31. Qxa6 Rxa6 32. Re1 Rxe1+ 33. Rxe1 Ba5 34. Rd1 Ra8
35. h4 Nf7 36. Ne7 Bxg2+ 37. Kxg2 Rd8 38. Rxd8+ Bxd8 39. Ng6+ Kg8 40. Bd2 Nh8
41. Nxh8 Kxh8 42. g5 hxg5 43. hxg5 Kg8 44. Kf3 Kf7 45. Kg4 Be7 46. Bc3 Bf8 47.
g6+ Ke8 48. Bb4 Bxb4 49. axb4 b5 50. Kf4 Kd7 51. f6 gxf6 52. g7 1-0

[Event "East Lansing (MI Op/1b/1)"]
[Site "?"]
[Date "1985.??.??"]
[Round "?"]
[White "Poschel, Paul"]
[Black "Chen, F.."]
[Result "1-0"]
[WhiteElo "2320"]
[BlackElo "1930"]
[PlyCount "115"]
[EventDate "1985.??.??"]

1. c4 e6 2. Nc3 Nf6 3. e4 c5 4. e5 Ng8 5. Nf3 Nc6 6. d4 cxd4 7. Nxd4 Nxe5 8.
Bf4 Ng6 9. Bg3 e5 10. Ndb5 a6 11. Qa4 Nf6 12. Bd3 Rb8 13. O-O-O axb5 14. Qa7 d5
15. Qxb8 Bd6 16. Qa7 e4 17. c5 Bxg3 18. Bxb5+ Bd7 19. hxg3 Qc7 20. Bxd7+ Qxd7
21. Qa4 Qxa4 22. Nxa4 O-O 23. Rd4 Ne5 24. Rhd1 Nd3+ 25. R4xd3 exd3 26. Rxd3 Rd8
27. Rb3 Rd7 28. c6 Rc7 29. Rxb7 Rxc6+ 30. Kd2 g6 31. f3 Ra6 32. b3 Nh5 33. g4
Nf4 34. g3 Ne6 35. Rd7 Ra5 36. f4 Nd4 37. Kd3 Nc6 38. a3 Kf8 39. Rc7 Ne7 40.
Kc3 Ke8 41. Kb4 Ra8 42. Rc1 Rb8+ 43. Kc3 Ra8 44. Kb2 Ra5 45. Nc5 Nc6 46. b4 Rb5
47. Rd1 Ne7 48. Kb3 Kd8 49. a4 Rb8 50. b5 Rb6 51. Rh1 Kc7 52. Rxh7 Kd6 53. Nd3
Ke6 54. Kb4 Ng8 55. Rh8 Nf6 56. a5 Rd6 57. a6 d4 58. a7 1-0

[Event "Westland (SEMO/3/2)"]
[Site "?"]
[Date "1985.??.??"]
[Round "?"]
[White "Poschel, Paul"]
[Black "Barth, J.."]
[Result "1/2-1/2"]
[WhiteElo "2320"]
[BlackElo "2405"]
[PlyCount "50"]
[EventDate "1985.??.??"]

{3/(2)} 1. c4 c6 2. d4 Nf6 3. Nc3 d5 4. cxd5 cxd5 5. Nf3 e6 6. Bf4 Bb4 7. Qb3
Nc6 8. e3 O-O 9. Bb5 Be7 10. h3 a6 11. Bxc6 bxc6 12. Ne5 Bd7 13. Nd3 Qa5 14.
O-O c5 15. dxc5 Bxc5 16. Nxc5 Qxc5 17. Rfc1 Rfc8 18. Ne2 Qe7 19. Rxc8+ Rxc8 20.
Rc1 Rxc1+ 21. Nxc1 Ne8 22. Qb7 f6 23. Bb8 Qd8 24. Nb3 Bc8 25. Qc6 Bd7 1/2-1/2

[Event "Ann Arbor (Masters/Experts Inv)"]
[Site "?"]
[Date "1985.??.??"]
[Round "?"]
[White "Poschel, Paul"]
[Black "Avery, Robert W"]
[Result "1-0"]
[WhiteElo "2320"]
[BlackElo "2150"]
[PlyCount "113"]
[EventDate "1985.??.??"]

1. c4 g6 2. e4 Bg7 3. d4 Nc6 4. d5 Nd4 5. Ne2 c5 6. Nxd4 Bxd4 7. Bd3 d6 8. Nc3
a6 9. O-O Qc7 10. h3 Kf8 11. Bf4 e5 12. dxe6 fxe6 13. Qd2 e5 14. Nd5 Qg7 15.
Be3 Be6 16. f4 Bxd5 17. exd5 e4 18. Bxe4 Bxe3+ 19. Qxe3 Re8 20. Qd3 Qxb2 21.
Rab1 Qd4+ 22. Qxd4 cxd4 23. Bf3 b5 24. cxb5 axb5 25. Rxb5 Nf6 26. Rb7 h5 27.
Rd1 Rh7 28. Rxh7 Nxh7 29. Rxd4 Ra8 30. a4 Nf6 31. Kf2 h4 32. Be2 Kf7 33. Bb5
Ra7 34. Ke3 Ke7 35. Bc6 Kd8 36. Rb4 Kc7 37. Kd4 Kc8 38. Ke3 Kc7 39. Kf3 Kc8 40.
g4 hxg3 41. Kxg3 Ra5 42. Rd4 Kd8 43. Kh4 Ke7 44. Kg5 Kf7 45. f5 gxf5 46. Kxf5
Rc5 47. Rd3 Ng8 48. Ra3 Ne7+ 49. Ke4 Nxc6 50. dxc6 Rxc6 51. Kd5 Ra6 52. a5 Ke7
53. Kc4 Kd7 54. Kb5 Ra8 55. a6 d5 56. a7 d4 57. Kb6 1-0

[Event "Westland (MEX/2)"]
[Site "?"]
[Date "1985.??.??"]
[Round "?"]
[White "Petranovich, J.."]
[Black "Kitts, Gary"]
[Result "1-0"]
[WhiteElo "2170"]
[BlackElo "2065"]
[PlyCount "53"]
[EventDate "1985.??.??"]

1. f4 d5 2. Nf3 c5 3. e3 Nc6 4. Bb5 Nf6 5. Bxc6+ bxc6 6. O-O e6 7. d3 Be7 8.
Qe1 Ba6 9. Ne5 Qc7 10. Nd2 O-O 11. b3 Rad8 12. Bb2 Nd7 13. Qg3 f6 14. Nxd7 Qxd7
15. Rad1 c4 16. dxc4 dxc4 17. bxc4 Bb4 18. Bc1 Bxc4 19. Rfe1 Bxa2 20. Qf3 Qc7
21. Rf1 f5 22. Nb3 c5 23. Bb2 c4 24. Be5 Bd6 25. Nd4 Qc8 26. Nc6 Bxe5 27. Ne7+
1-0